[Event "DEM U18 2025"]
[Site "Willingen GER"]
[Date "2025.06.08"]
[Round "2"]
[White "Cilo, Selimhan"]
[Black "Stützer, Kiran"]
[Result "0-1"]
[Termination "normal"]
[Board "10"]
[WhiteElo "2164"]
[BlackElo "1869"]
[WhiteClock "00:00:35"]
[BlackClock "00:30:12"]
[PlyCount "58"]
[WhiteFideId "16246756"]
[BlackFideId "34665374"]
[EventCountry "GER"]
[EventRounds "9"]
[EventType "swiss"]
[EventDate "2025.06.07"]

1. d4 {[%clk 01:30:43]} {[%emt 00:00:17]} Nf6 {[%clk 01:30:49]} {[%emt
00:00:11]} 2. c4 {[%clk 01:31:01]} {[%emt 00:00:11]} e6 {[%clk 01:31:13]}
{[%emt 00:00:06]} 3. Nf3 {[%clk 01:31:19]} {[%emt 00:00:12]} b6 {[%clk
01:31:33]} {[%emt 00:00:11]} 4. g3 {[%clk 01:31:33]} {[%emt 00:00:15]} Ba6
{[%clk 01:31:56]} {[%emt 00:00:07]} 5. b3 {[%clk 01:31:48]} {[%emt 00:00:16]}
Bb4+ {[%clk 01:32:19]} {[%emt 00:00:06]} 6. Bd2 {[%clk 01:31:58]} {[%emt
00:00:21]} Be7 {[%clk 01:32:43]} {[%emt 00:00:06]} 7. Nc3 {[%clk 01:29:41]}
{[%emt 00:02:46]} d5 {[%clk 01:30:26]} {[%emt 00:02:47]} 8. Bg2 {[%clk
01:26:14]} {[%emt 00:03:57]} O-O {[%clk 01:28:09]} {[%emt 00:02:47]} 9. Ne5
{[%clk 01:20:45]} {[%emt 00:06:00]} c6 {[%clk 01:25:26]} {[%emt 00:03:13]} 10.
cxd5 {[%clk 01:04:49]} {[%emt 00:16:27]} cxd5 {[%clk 01:21:36]} {[%emt
00:04:19]} 11. O-O {[%clk 01:05:02]} {[%emt 00:00:17]} Nfd7 {[%clk 01:18:46]}
{[%emt 00:03:20]} 12. Nd3 {[%clk 00:48:33]} {[%emt 00:16:59]} Bxd3 {[%clk
01:14:21]} {[%emt 00:04:55]} 13. exd3 {[%clk 00:48:56]} {[%emt 00:00:07]} Nc6
{[%clk 01:12:39]} {[%emt 00:02:12]} 14. Be3 {[%clk 00:42:23]} {[%emt 00:07:03]}
Bf6 {[%clk 01:11:03]} {[%emt 00:02:06]} 15. Ne2 {[%clk 00:31:54]} {[%emt
00:10:59]} Rc8 {[%clk 01:08:31]} {[%emt 00:03:02]} 16. Rc1 {[%clk 00:26:58]}
{[%emt 00:05:25]} Ndb8 {[%clk 01:02:57]} {[%emt 00:06:04]} 17. Qd2 {[%clk
00:25:50]} {[%emt 00:01:38]} Qd7 {[%clk 00:59:54]} {[%emt 00:03:34]} 18. Rfd1
{[%clk 00:19:47]} {[%emt 00:06:33]} a5 {[%clk 00:54:56]} {[%emt 00:05:28]} 19.
a3 {[%clk 00:18:30]} {[%emt 00:01:47]} Qe7 {[%clk 00:53:52]} {[%emt 00:01:34]}
20. Qb2 {[%clk 00:17:58]} {[%emt 00:01:01]} Na7 {[%clk 00:49:15]} {[%emt
00:05:08]} 21. Bf4 {[%clk 00:11:24]} {[%emt 00:07:04]} Nbc6 {[%clk 00:46:17]}
{[%emt 00:03:27]} 22. Be5 {[%clk 00:06:28]} {[%emt 00:05:26]} Nb5 {[%clk
00:45:20]} {[%emt 00:01:27]} 23. Ra1 {[%clk 00:01:23]} {[%emt 00:05:35]} Nbxd4
{[%clk 00:37:11]} {[%emt 00:08:40]} 24. Nxd4 {[%clk 00:00:58]} {[%emt
00:00:55]} Nxe5 {[%clk 00:36:30]} {[%emt 00:01:11]} 25. Qe2 {[%clk 00:00:53]}
{[%emt 00:00:34]} Qc5 {[%clk 00:33:40]} {[%emt 00:03:20]} 26. Nf3 {[%clk
00:00:36]} {[%emt 00:00:47]} Nxf3+ {[%clk 00:33:32]} {[%emt 00:00:39]} 27. Bxf3
{[%clk 00:00:43]} {[%emt 00:00:23]} Bxa1 {[%clk 00:33:32]} {[%emt 00:00:29]}
28. Rxa1 {[%clk 00:01:08]} {[%emt 00:00:05]} Qc2 {[%clk 00:32:53]} {[%emt
00:01:09]} 29. Qe3 {[%clk 00:00:35]} {[%emt 00:01:02]} Qxb3 {[%clk 00:30:12]}
{[%emt 00:03:12]} 0-1

[Event "DEM U18 2025"]
[Site "Willingen GER"]
[Date "2025.06.08"]
[Round "2"]
[White "Sieber, Bert"]
[Black "Rempe, Jonas"]
[Result "0-1"]
[Termination "normal"]
[Board "11"]
[BlackTitle "CM"]
[WhiteElo "1996"]
[BlackElo "2135"]
[WhiteClock "00:11:26"]
[BlackClock "00:06:04"]
[PlyCount "82"]
[WhiteFideId "16265971"]
[BlackFideId "16202406"]
[EventCountry "GER"]
[EventRounds "9"]
[EventType "swiss"]
[EventDate "2025.06.07"]

1. d4 {[%clk 01:30:59]} Nf6 {[%clk 01:30:53]} {[%emt 00:00:06]} 2. c4 {[%clk
01:31:26]} {[%emt 00:00:04]} e6 {[%clk 01:31:17]} {[%emt 00:00:06]} 3. Nc3
{[%clk 01:31:52]} {[%emt 00:00:06]} Bb4 {[%clk 01:31:03]} {[%emt 00:00:43]} 4.
e3 {[%clk 01:32:17]} {[%emt 00:00:05]} d5 {[%clk 01:30:16]} {[%emt 00:01:17]}
5. cxd5 {[%clk 01:30:58]} {[%emt 00:01:48]} exd5 {[%clk 01:29:23]} {[%emt
00:01:23]} 6. Bd3 {[%clk 01:31:06]} {[%emt 00:00:21]} O-O {[%clk 01:23:39]}
{[%emt 00:06:16]} 7. a3 {[%clk 01:31:31]} {[%emt 00:00:05]} Bxc3+ {[%clk
01:21:53]} {[%emt 00:02:15]} 8. bxc3 {[%clk 01:31:56]} {[%emt 00:00:06]} c5
{[%clk 01:22:07]} {[%emt 00:00:15]} 9. Ne2 {[%clk 01:32:05]} {[%emt 00:00:20]}
Re8 {[%clk 01:11:22]} {[%emt 00:11:16]} 10. O-O {[%clk 01:32:20]} {[%emt
00:00:15]} Nc6 {[%clk 01:02:19]} {[%emt 00:09:34]} 11. Ng3 {[%clk 01:16:18]}
{[%emt 00:16:31]} cxd4 {[%clk 00:56:54]} {[%emt 00:05:55]} 12. cxd4 {[%clk
01:15:41]} {[%emt 00:01:07]} Be6 {[%clk 00:55:48]} {[%emt 00:01:37]} 13. Rb1
{[%clk 01:08:23]} {[%emt 00:07:47]} Qd7 {[%clk 00:54:41]} {[%emt 00:01:37]} 14.
a4 {[%clk 01:07:38]} {[%emt 00:01:16]} Rec8 {[%clk 00:47:26]} {[%emt 00:07:44]}
15. Qd2 {[%clk 01:03:34]} {[%emt 00:04:34]} b6 {[%clk 00:42:14]} {[%emt
00:05:42]} 16. Ba3 {[%clk 00:54:01]} {[%emt 00:10:02]} Na5 {[%clk 00:40:09]}
{[%emt 00:02:36]} 17. Bb5 {[%clk 00:53:03]} {[%emt 00:01:27]} Qb7 {[%clk
00:37:17]} {[%emt 00:03:23]} 18. f3 {[%clk 00:44:14]} {[%emt 00:09:19]} a6
{[%clk 00:34:25]} {[%emt 00:03:22]} 19. Bd3 {[%clk 00:42:23]} {[%emt 00:02:21]}
Nc4 {[%clk 00:34:32]} {[%emt 00:00:23]} 20. Bxc4 {[%clk 00:41:58]} {[%emt
00:00:56]} Rxc4 {[%clk 00:34:43]} {[%emt 00:00:19]} 21. a5 {[%clk 00:40:37]}
{[%emt 00:01:50]} b5 {[%clk 00:34:45]} {[%emt 00:00:27]} 22. Bb4 {[%clk
00:38:27]} {[%emt 00:02:41]} Rac8 {[%clk 00:29:24]} {[%emt 00:05:51]} 23. Qd3
{[%clk 00:37:01]} {[%emt 00:01:56]} Qd7 {[%clk 00:24:18]} {[%emt 00:05:36]} 24.
Rfd1 {[%clk 00:30:30]} {[%emt 00:07:00]} h5 {[%clk 00:23:32]} {[%emt 00:01:17]}
25. e4 {[%clk 00:23:36]} {[%emt 00:07:25]} dxe4 {[%clk 00:18:20]} {[%emt
00:05:41]} 26. Nxe4 {[%clk 00:22:08]} {[%emt 00:01:57]} Nxe4 {[%clk 00:17:56]}
{[%emt 00:00:54]} 27. fxe4 {[%clk 00:21:58]} {[%emt 00:00:40]} Bg4 {[%clk
00:18:05]} {[%emt 00:00:22]} 28. Rd2 {[%clk 00:21:54]} {[%emt 00:00:34]} Rxb4
{[%clk 00:16:28]} {[%emt 00:02:07]} 29. Rxb4 {[%clk 00:21:37]} {[%emt
00:00:47]} Rc1+ {[%clk 00:16:53]} {[%emt 00:00:06]} 30. Kf2 {[%clk 00:12:48]}
{[%emt 00:09:19]} Qd6 {[%clk 00:17:15]} {[%emt 00:00:05]} 31. Qe3 {[%clk
00:13:00]} {[%emt 00:00:20]} Qxb4 {[%clk 00:14:47]} {[%emt 00:02:57]} 32. h3
{[%clk 00:13:14]} {[%emt 00:00:17]} Qe7 {[%clk 00:12:52]} {[%emt 00:02:25]} 33.
Kg3 {[%clk 00:12:38]} {[%emt 00:01:06]} Bd7 {[%clk 00:12:11]} {[%emt 00:01:11]}
34. e5 {[%clk 00:12:44]} {[%emt 00:00:24]} b4 {[%clk 00:11:20]} {[%emt
00:01:21]} 35. Kh2 {[%clk 00:12:28]} {[%emt 00:00:45]} Rc3 {[%clk 00:10:09]}
{[%emt 00:01:41]} 36. Qe4 {[%clk 00:12:11]} {[%emt 00:00:48]} Qg5 {[%clk
00:09:47]} {[%emt 00:00:53]} 37. Rd1 {[%clk 00:11:05]} {[%emt 00:01:35]} Bf5
{[%clk 00:07:56]} {[%emt 00:02:20]} 38. Qa8+ {[%clk 00:10:37]} {[%emt
00:01:00]} Kh7 {[%clk 00:08:20]} {[%emt 00:00:05]} 39. Qxa6 {[%clk 00:10:50]}
{[%emt 00:00:17]} Qg3+ {[%clk 00:07:13]} {[%emt 00:01:37]} 40. Kg1 {[%clk
00:11:05]} {[%emt 00:00:16]} Rc2 {[%clk 00:07:11]} {[%emt 00:00:31]} 41. Qb7
{[%clk 00:11:26]} {[%emt 00:00:09]} Qe3+ {[%clk 00:06:04]} {[%emt 00:01:36]}
0-1

[Event "DEM U18 2025"]
[Site "Willingen GER"]
[Date "2025.06.08"]
[Round "2"]
[White "Ensslinger, Colin"]
[Black "Petzold, Johannes Julius"]
[Result "1-0"]
[Termination "normal"]
[Board "12"]
[WhiteElo "2081"]
[BlackElo "1986"]
[WhiteClock "00:23:30"]
[BlackClock "00:14:05"]
[PlyCount "117"]
[WhiteFideId "16226011"]
[BlackFideId "16289455"]
[EventCountry "GER"]
[EventRounds "9"]
[EventType "swiss"]
[EventDate "2025.06.07"]

1. e4 {[%clk 01:30:58]} {[%emt 00:00:01]} c5 {[%clk 01:30:55]} {[%emt
00:00:06]} 2. Nc3 {[%clk 01:31:23]} {[%emt 00:00:05]} Nc6 {[%clk 01:31:15]}
{[%emt 00:00:09]} 3. Bb5 {[%clk 01:31:49]} {[%emt 00:00:05]} Nd4 {[%clk
01:30:19]} {[%emt 00:01:26]} 4. Nf3 {[%clk 01:32:03]} {[%emt 00:00:16]} g6
{[%clk 01:23:53]} {[%emt 00:06:56]} 5. Ba4 {[%clk 01:32:27]} {[%emt 00:00:08]}
Bg7 {[%clk 01:23:21]} {[%emt 00:01:00]} 6. O-O {[%clk 01:32:48]} {[%emt
00:00:09]} e6 {[%clk 01:19:52]} {[%emt 00:04:00]} 7. Nxd4 {[%clk 01:33:11]}
{[%emt 00:00:07]} cxd4 {[%clk 01:18:46]} {[%emt 00:01:36]} 8. Ne2 {[%clk
01:33:34]} {[%emt 00:00:06]} Ne7 {[%clk 01:16:04]} {[%emt 00:03:12]} 9. d3
{[%clk 01:33:46]} {[%emt 00:00:18]} O-O {[%clk 01:11:12]} {[%emt 00:05:22]} 10.
f4 {[%clk 01:33:10]} {[%emt 00:01:06]} d5 {[%clk 01:07:30]} {[%emt 00:04:13]}
11. e5 {[%clk 01:27:40]} {[%emt 00:05:59]} Qa5 {[%clk 00:58:13]} {[%emt
00:09:48]} 12. Bb3 {[%clk 01:27:53]} {[%emt 00:00:17]} Nc6 {[%clk 00:58:25]}
{[%emt 00:00:17]} 13. Bd2 {[%clk 01:27:40]} {[%emt 00:00:42]} Qb6 {[%clk
00:56:20]} {[%emt 00:02:36]} 14. Qe1 {[%clk 01:27:31]} {[%emt 00:00:39]} Bd7
{[%clk 00:52:31]} {[%emt 00:04:19]} 15. Qh4 {[%clk 01:25:27]} {[%emt 00:02:34]}
f6 {[%clk 00:50:44]} {[%emt 00:02:18]} 16. exf6 {[%clk 01:25:23]} {[%emt
00:00:33]} Bxf6 {[%clk 00:50:37]} {[%emt 00:00:38]} 17. Qg3 {[%clk 01:25:27]}
{[%emt 00:00:25]} Kh8 {[%clk 00:49:15]} {[%emt 00:01:52]} 18. Kh1 {[%clk
01:22:35]} {[%emt 00:03:23]} Rac8 {[%clk 00:45:08]} {[%emt 00:04:37]} 19. Qh3
{[%clk 01:09:50]} {[%emt 00:13:15]} Qd8 {[%clk 00:38:22]} {[%emt 00:07:15]} 20.
f5 {[%clk 01:06:18]} {[%emt 00:04:03]} gxf5 {[%clk 00:32:17]} {[%emt 00:06:34]}
21. Nf4 {[%clk 01:06:22]} {[%emt 00:00:25]} Rg8 {[%clk 00:31:09]} {[%emt
00:01:39]} 22. Rae1 {[%clk 01:05:20]} {[%emt 00:01:32]} e5 {[%clk 00:28:15]}
{[%emt 00:03:25]} 23. Nxd5 {[%clk 01:02:46]} {[%emt 00:03:03]} f4 {[%clk
00:24:34]} {[%emt 00:04:11]} 24. Qf3 {[%clk 00:55:41]} {[%emt 00:07:34]} Bh4
{[%clk 00:23:29]} {[%emt 00:01:36]} 25. Rc1 {[%clk 00:52:19]} {[%emt 00:03:52]}
Rg7 {[%clk 00:20:33]} {[%emt 00:03:27]} 26. Qe4 {[%clk 00:41:35]} {[%emt
00:11:13]} Qg5 {[%clk 00:14:12]} {[%emt 00:06:51]} 27. Be1 {[%clk 00:35:49]}
{[%emt 00:06:16]} Bxe1 {[%clk 00:11:36]} {[%emt 00:03:06]} 28. Rcxe1 {[%clk
00:35:53]} {[%emt 00:00:25]} Bf5 {[%clk 00:10:21]} {[%emt 00:01:46]} 29. Qe2
{[%clk 00:34:54]} {[%emt 00:01:30]} Rf8 {[%clk 00:07:54]} {[%emt 00:02:56]} 30.
Rf2 {[%clk 00:30:50]} {[%emt 00:04:34]} Qh4 {[%clk 00:07:10]} {[%emt 00:01:14]}
31. Ref1 {[%clk 00:26:02]} {[%emt 00:05:18]} Bg4 {[%clk 00:06:15]} {[%emt
00:01:26]} 32. Qe1 {[%clk 00:25:30]} {[%emt 00:01:01]} Qg5 {[%clk 00:05:49]}
{[%emt 00:00:56]} 33. c4 {[%clk 00:22:25]} {[%emt 00:03:35]} f3 {[%clk
00:04:48]} {[%emt 00:01:31]} 34. Bd1 {[%clk 00:18:51]} {[%emt 00:04:04]} Rgf7
{[%clk 00:05:12]} {[%emt 00:00:06]} 35. Bxf3 {[%clk 00:16:28]} {[%emt
00:02:51]} Qh4 {[%clk 00:04:32]} {[%emt 00:01:12]} 36. g3 {[%clk 00:15:34]}
{[%emt 00:01:24]} Bxf3+ {[%clk 00:03:05]} {[%emt 00:01:57]} 37. Rxf3 {[%clk
00:16:01]} {[%emt 00:00:02]} Qh5 {[%clk 00:02:23]} {[%emt 00:01:13]} 38. Rxf7
{[%clk 00:16:23]} {[%emt 00:00:08]} Rxf7 {[%clk 00:02:47]} {[%emt 00:00:06]}
39. Rxf7 {[%clk 00:16:47]} {[%emt 00:00:06]} Qxf7 {[%clk 00:03:13]} {[%emt
00:00:04]} 40. Kg2 {[%clk 00:17:07]} {[%emt 00:00:10]} Qf5 {[%clk 00:00:58]}
{[%emt 00:02:45]} 41. Qf2 {[%clk 00:16:41]} {[%emt 00:00:55]} Qxf2+ {[%clk
00:30:30]} {[%emt 00:00:58]} 42. Kxf2 {[%clk 00:46:29]} {[%emt 00:00:42]} Kg7
{[%clk 00:29:19]} {[%emt 00:01:42]} 43. Kf3 {[%clk 00:46:13]} {[%emt 00:00:45]}
Kf7 {[%clk 00:28:28]} {[%emt 00:01:22]} 44. Ke4 {[%clk 00:46:05]} {[%emt
00:00:37]} Ke6 {[%clk 00:28:15]} {[%emt 00:00:43]} 45. g4 {[%clk 00:44:06]}
{[%emt 00:02:30]} a6 {[%clk 00:27:21]} {[%emt 00:01:24]} 46. h4 {[%clk
00:43:12]} {[%emt 00:01:24]} Nd8 {[%clk 00:27:34]} {[%emt 00:00:16]} 47. Nb6
{[%clk 00:39:50]} {[%emt 00:03:51]} Nf7 {[%clk 00:25:28]} {[%emt 00:02:38]} 48.
b3 {[%clk 00:38:13]} {[%emt 00:02:07]} Nh6 {[%clk 00:24:18]} {[%emt 00:01:40]}
49. Kf3 {[%clk 00:38:34]} {[%emt 00:00:09]} Nf7 {[%clk 00:24:17]} {[%emt
00:00:31]} 50. a3 {[%clk 00:38:17]} {[%emt 00:00:47]} Kd6 {[%clk 00:22:34]}
{[%emt 00:02:12]} 51. b4 {[%clk 00:35:56]} {[%emt 00:02:51]} Kc6 {[%clk
00:21:53]} {[%emt 00:01:11]} 52. Nd5 {[%clk 00:30:45]} {[%emt 00:05:41]} Kd6
{[%clk 00:17:23]} {[%emt 00:05:01]} 53. Nf6 {[%clk 00:26:19]} {[%emt 00:04:54]}
h6 {[%clk 00:17:21]} {[%emt 00:00:34]} 54. Ne4+ {[%clk 00:26:43]} {[%emt
00:00:05]} Ke7 {[%clk 00:15:12]} {[%emt 00:02:40]} 55. c5 {[%clk 00:22:38]}
{[%emt 00:04:34]} Ke6 {[%clk 00:14:31]} {[%emt 00:01:12]} 56. Nd6 {[%clk
00:22:43]} {[%emt 00:00:25]} Nxd6 {[%clk 00:14:11]} {[%emt 00:00:49]} 57. cxd6
{[%clk 00:23:11]} {[%emt 00:00:01]} Kxd6 {[%clk 00:14:00]} {[%emt 00:00:42]}
58. Ke4 {[%clk 00:23:36]} {[%emt 00:00:04]} Ke6 {[%clk 00:14:05]} {[%emt
00:00:27]} 59. g5 {[%clk 00:23:30]} {[%emt 00:00:36]} 1-0

[Event "DEM U18 2025"]
[Site "Willingen GER"]
[Date "2025.06.08"]
[Round "2"]
[White "Eitel, Luc"]
[Black "Neuhoff, Laertes"]
[Result "0-1"]
[Termination "normal"]
[Board "13"]
[WhiteElo "1935"]
[BlackElo "2130"]
[WhiteClock "00:00:36"]
[BlackClock "00:11:57"]
[PlyCount "49"]
[WhiteFideId "16299728"]
[BlackFideId "16279719"]
[EventCountry "GER"]
[EventRounds "9"]
[EventType "swiss"]
[EventDate "2025.06.07"]

1. e4 {[%clk 01:30:50]} {[%emt 00:00:10]} e5 {[%clk 01:31:00]} {[%emt
00:00:02]} 2. Nf3 {[%clk 01:31:14]} {[%emt 00:00:05]} Nc6 {[%clk 01:31:26]}
{[%emt 00:00:04]} 3. Bc4 {[%clk 01:31:39]} {[%emt 00:00:04]} Bc5 {[%clk
01:31:55]} {[%emt 00:00:02]} 4. c3 {[%clk 01:32:02]} {[%emt 00:00:06]} Nf6
{[%clk 01:32:22]} {[%emt 00:00:04]} 5. d3 {[%clk 01:32:26]} {[%emt 00:00:05]}
O-O {[%clk 01:32:46]} {[%emt 00:00:07]} 6. O-O {[%clk 01:32:47]} {[%emt
00:00:08]} d5 {[%clk 01:33:14]} {[%emt 00:00:03]} 7. exd5 {[%clk 01:32:55]}
{[%emt 00:00:21]} Nxd5 {[%clk 01:33:38]} {[%emt 00:00:07]} 8. Re1 {[%clk
01:29:59]} {[%emt 00:03:25]} Bg4 {[%clk 01:34:07]} {[%emt 00:00:02]} 9. Nbd2
{[%clk 01:29:49]} {[%emt 00:00:40]} Nb6 {[%clk 01:34:30]} {[%emt 00:00:08]} 10.
Bb5 {[%clk 01:29:05]} {[%emt 00:01:12]} Bd6 {[%clk 01:34:54]} {[%emt 00:00:06]}
11. Bxc6 {[%clk 01:27:43]} {[%emt 00:01:53]} bxc6 {[%clk 01:35:20]} {[%emt
00:00:03]} 12. h3 {[%clk 01:27:29]} {[%emt 00:00:44]} Bh5 {[%clk 01:35:44]}
{[%emt 00:00:08]} 13. Ne4 {[%clk 01:23:31]} {[%emt 00:04:26]} f5 {[%clk
01:16:21]} {[%emt 00:19:54]} 14. Ng3 {[%clk 01:21:41]} {[%emt 00:02:18]} Bxf3
{[%clk 01:14:38]} {[%emt 00:02:14]} 15. Qxf3 {[%clk 01:20:49]} {[%emt
00:01:22]} Qd7 {[%clk 01:15:03]} {[%emt 00:00:06]} 16. Bd2 {[%clk 01:10:25]}
{[%emt 00:10:53]} Rae8 {[%clk 01:10:29]} {[%emt 00:05:05]} 17. Rad1 {[%clk
00:56:02]} {[%emt 00:14:52]} c5 {[%clk 00:59:27]} {[%emt 00:11:33]} 18. a3
{[%clk 00:46:21]} {[%emt 00:10:10]} c4 {[%clk 00:35:20]} {[%emt 00:24:38]} 19.
dxc4 {[%clk 00:32:03]} {[%emt 00:14:48]} e4 {[%clk 00:24:44]} {[%emt 00:11:05]}
20. Qh5 {[%clk 00:20:05]} {[%emt 00:12:21]} Nxc4 {[%clk 00:23:33]} {[%emt
00:01:49]} 21. Bc1 {[%clk 00:19:38]} {[%emt 00:00:56]} Ne5 {[%clk 00:17:52]}
{[%emt 00:06:12]} 22. Rd4 {[%clk 00:04:47]} {[%emt 00:15:20]} Nd3 {[%clk
00:15:09]} {[%emt 00:03:13]} 23. Rd1 {[%clk 00:02:39]} {[%emt 00:02:38]} Qe6
{[%clk 00:13:45]} {[%emt 00:01:54]} 24. Ra4 {[%clk 00:00:36]} {[%emt 00:02:33]}
Qb3 {[%clk 00:11:57]} {[%emt 00:02:18]} 25. Qe2 {[%emt 00:01:04]} 0-1

[Event "DEM U18 2025"]
[Site "Willingen GER"]
[Date "2025.06.08"]
[Round "2"]
[White "Schwarz, David"]
[Black "Lippitz, Jaden"]
[Result "1-0"]
[Termination "normal"]
[Board "14"]
[WhiteElo "2137"]
[BlackElo "1828"]
[WhiteClock "00:22:56"]
[BlackClock "00:42:15"]
[PlyCount "71"]
[WhiteFideId "16287614"]
[BlackFideId "34608893"]
[EventCountry "GER"]
[EventRounds "9"]
[EventType "swiss"]
[EventDate "2025.06.07"]

1. d4 {[%clk 01:30:57]} {[%emt 00:00:03]} d5 {[%clk 01:30:55]} {[%emt
00:00:06]} 2. c3 {[%clk 01:31:24]} {[%emt 00:00:02]} Nf6 {[%clk 01:30:58]}
{[%emt 00:00:27]} 3. Nf3 {[%clk 01:31:51]} {[%emt 00:00:03]} e6 {[%clk
01:30:26]} {[%emt 00:01:02]} 4. Bf4 {[%clk 01:32:17]} {[%emt 00:00:04]} Be7
{[%clk 01:30:09]} {[%emt 00:00:47]} 5. h4 {[%clk 01:32:41]} {[%emt 00:00:05]}
Nbd7 {[%clk 01:28:57]} {[%emt 00:01:42]} 6. e3 {[%clk 01:30:53]} {[%emt
00:02:19]} c6 {[%clk 01:28:06]} {[%emt 00:01:21]} 7. Nbd2 {[%clk 01:31:05]}
{[%emt 00:00:17]} a5 {[%clk 01:27:09]} {[%emt 00:01:28]} 8. Bd3 {[%clk
01:30:39]} {[%emt 00:00:56]} b5 {[%clk 01:26:36]} {[%emt 00:01:03]} 9. Ne5
{[%clk 01:27:24]} {[%emt 00:03:45]} Nxe5 {[%clk 01:25:46]} {[%emt 00:01:19]}
10. dxe5 {[%clk 01:27:47]} {[%emt 00:00:07]} Nd7 {[%clk 01:25:31]} {[%emt
00:00:46]} 11. Qg4 {[%clk 01:28:07]} {[%emt 00:00:09]} g6 {[%clk 01:24:18]}
{[%emt 00:01:43]} 12. Nf3 {[%clk 01:22:04]} {[%emt 00:06:33]} h5 {[%clk
01:23:11]} {[%emt 00:01:37]} 13. Qg3 {[%clk 01:22:15]} {[%emt 00:00:20]} Nc5
{[%clk 01:21:10]} {[%emt 00:02:32]} 14. Bc2 {[%clk 01:21:37]} {[%emt 00:01:07]}
Bb7 {[%clk 01:07:04]} {[%emt 00:14:34]} 15. Ng5 {[%clk 01:09:47]} {[%emt
00:12:21]} Bxg5 {[%clk 01:05:34]} {[%emt 00:02:00]} 16. Bxg5 {[%clk 01:10:10]}
{[%emt 00:00:09]} Qc7 {[%clk 01:05:13]} {[%emt 00:00:49]} 17. O-O {[%clk
01:05:42]} {[%emt 00:04:59]} Nd7 {[%clk 01:03:28]} {[%emt 00:02:15]} 18. f4
{[%clk 01:05:31]} {[%emt 00:00:40]} c5 {[%clk 01:02:34]} {[%emt 00:01:24]} 19.
Rfd1 {[%clk 00:59:14]} {[%emt 00:06:48]} c4 {[%clk 01:00:11]} {[%emt 00:02:52]}
20. Rd4 {[%clk 00:57:22]} {[%emt 00:02:22]} Nf8 {[%clk 00:53:52]} {[%emt
00:06:46]} 21. Qh3 {[%clk 00:28:51]} {[%emt 00:29:04]} Nh7 {[%clk 00:51:47]}
{[%emt 00:02:35]} 22. Bxg6 {[%clk 00:29:03]} {[%emt 00:00:20]} Nxg5 {[%clk
00:51:38]} {[%emt 00:00:37]} 23. hxg5 {[%clk 00:29:23]} {[%emt 00:00:10]} fxg6
{[%clk 00:51:24]} {[%emt 00:00:45]} 24. Qxe6+ {[%clk 00:29:50]} {[%emt
00:00:03]} Qe7 {[%clk 00:48:52]} {[%emt 00:03:00]} 25. Qxg6+ {[%clk 00:26:50]}
{[%emt 00:03:32]} Kd7 {[%clk 00:47:55]} {[%emt 00:01:27]} 26. Qb6 {[%clk
00:19:40]} {[%emt 00:07:39]} Bc6 {[%clk 00:46:59]} {[%emt 00:01:26]} 27. Rad1
{[%clk 00:20:04]} {[%emt 00:00:06]} Rhb8 {[%clk 00:44:58]} {[%emt 00:02:31]}
28. Rxd5+ {[%clk 00:20:09]} {[%emt 00:00:26]} Bxd5 {[%clk 00:44:48]} {[%emt
00:00:39]} 29. Rxd5+ {[%clk 00:20:36]} {[%emt 00:00:03]} Ke8 {[%clk 00:43:46]}
{[%emt 00:01:31]} 30. Qc6+ {[%clk 00:21:00]} {[%emt 00:00:08]} Kf8 {[%clk
00:43:44]} {[%emt 00:00:31]} 31. Rd7 {[%clk 00:21:17]} {[%emt 00:00:13]} Ra6
{[%clk 00:42:49]} {[%emt 00:01:25]} 32. Qc7 {[%clk 00:21:41]} {[%emt 00:00:07]}
Qe8 {[%clk 00:43:04]} {[%emt 00:00:14]} 33. Rh7 {[%clk 00:21:58]} {[%emt
00:00:13]} Rg6 {[%clk 00:42:27]} {[%emt 00:01:08]} 34. Rh8+ {[%clk 00:22:11]}
{[%emt 00:00:16]} Rg8 {[%clk 00:42:48]} {[%emt 00:00:09]} 35. Qd6+ {[%clk
00:22:35]} {[%emt 00:00:07]} Kf7 {[%clk 00:42:15]} {[%emt 00:01:02]} 36. Qf6#
{[%clk 00:22:56]} {[%emt 00:00:08]} 1-0